banner koha

Flora of Ceará, Brazil: Lythraceae (Registro n. 339206)

MARC details
000 -LÍDER
fixed length control field 03786nab a2200277 i 4500
003 - CÓDIGO MARC DA AGÊNCIA CATALOGADORA
Campo de controle BR-BrBNA
005 - DATA E HORA DA ÚLTIMA ATUALIZAÇÃO
Campo de controle 20251125140643.0
008 - CAMPO DE TAMANHO FIXO
fixed length control field 251125b2023 bl.ar|pooa||| 00| 0 eng |
040 ## - FONTE DA CATALOGAÇÃO
Agência catalogadora BR-BrBNA
Idioma da catalogação por
072 ## - CATEGORIA AGRIS
Código AGRIS F70
100 ## - ENTRADA PRINCIPAL - NOME PESSOAL
Nome pessoal Silva, Maria Vitória Coutinho Cordeiro da
100 ## - ENTRADA PRINCIPAL - NOME PESSOAL
Nome pessoal Sousa, Luana Mateus
100 ## - ENTRADA PRINCIPAL - NOME PESSOAL
Nome pessoal Sampaio, Valéria da Silva
100 ## - ENTRADA PRINCIPAL - NOME PESSOAL
Nome pessoal Loiola, Maria Iracema Bezerra
245 ## - TÍTULO PRINCIPAL
Título principal Flora of Ceará, Brazil: Lythraceae
500 ## - NOTA GERAL
Nota geral Publicação on-line; Bibliography p. 18-20 (60 ref.); 6 illus.; Summaries (En, Pt)
942 ## - ADDED ENTRY ELEMENTS (KOHA)
Koha item type Analítica
520 ## - NOTA DE RESUMO
Nota de conteúdo <br/><br/>Abstract<br/><br/>This study aimed to carry out a floristic-taxonomic survey of the Lythraceae representatives, as part of the<br/>project “Flora do Ceará: knowing to conserve”. The data were obtained via the morphologicals analysis<br/>of samples collected in the field, and collections in herbaria as well as in specialized bibliographies. In the<br/>state of Ceará, Lythraceae is represented by 15 species belonging to four genera: Ammannia (2); Cuphea<br/>(9), Lafoensia (3) and Pleurophora (1). The species were recorded in different phytophysiognomies, but<br/>they occur preferentially in the Steppic Savanna (Caatinga and/or Carrasco), in the Dense Ombrophilous<br/>Forest (Wet Forest) and in the Vegetation Complex of the Coastal Zone (Dunes and Lowland Semideciduous<br/>Forests). The taxon with the highest number of records was Cuphea campestris, which ocurrs in 26<br/>municipalities. Eight species were recorded in ten conservation units in Ceará. Four species are endemic to<br/>the northeastern region: Cuphea campestris, C. laricoides, C. loefgrenii and Lafoensia glyptocarpa. Lafoensia<br/>glyptocarpa and L. pacari are new records for Ceará. The identification key, morphological descriptions,<br/>comments on distribution, ecology, phenology, uses, maps, and species illustrations are presented.<br/><br/>Key words: Cuphea, diversity, Myrtales, Northeast of Brazil, taxonomy.<br/><br/><br/><br/><br/>Resumo<br/><br/>O estudo objetivou realizar o levantamento florístico-taxonômico dos representantes da família Lythraceae,<br/>como parte do projeto “Flora do Ceará: conhecer para conservar”. Os dados foram obtidos através da<br/>análise de caracteres morfológicos de amostras obtidas em campo, coleções de herbários e bibliografias<br/>especializadas. No território cearense, Lythraceae está representada por 15 espécies pertencentes a quatro<br/>gêneros: Ammannia (2); Cuphea (9), Lafoensia (3) e Pleurophora (1). As espécies foram registradas em<br/>diferentes fitofisionomias, mas ocorrem preferencialmente na Savana Estépica (Caatinga e/ou Carrasco),<br/>na Floresta Ombrófila Densa (Mata Úmida) e no Complexo Vegetacional da Zona Litorânea (Dunas e<br/>Mata de Tabuleiro). O táxon com o maior número de registros foi Cuphea campestris, ocorrendo em 26<br/>municípios. Nove espécies foram registradas em dez unidades de conservação do Ceará. Quatro espécies<br/>são endêmicas da região Nordeste: Cuphea campestris, C. laricoides, C. loefgrenii e Lafoensia glyptocarpa. <br/>Lafoensia glyptocarpa e L. pacari são novas ocorrências para o Ceará. Chave de identificação, descrições<br/>morfológicas, comentários sobre distribuição, ecologia, fenologia e usos, mapas, e ilustrações das espécies<br/>são apresentados.<br/><br/>Palavras-chave: Cuphea, diversidade, Myrtales, Nordeste do Brasil, taxonomia.
650 ## - ASSUNTO - THESAGRO
Cabeçalho tópico ou nome geográfico BIODIVERSIDADE
650 ## - ASSUNTO - THESAGRO
Cabeçalho tópico ou nome geográfico NORDESTE
650 ## - ASSUNTO - THESAGRO
Cabeçalho tópico ou nome geográfico TAXONOMIA
650 ## - ASSUNTO - THESAGRO
Cabeçalho tópico ou nome geográfico LYTHRACEAE
773 0# - ENTRADA ANALÍTICA
Host Biblionumber 709
Registro do item 359038
Imprenta Rio de Janeiro-RJ Jardim Botanico do Rio de Janeiro 1935
Outro identificador 2025-7012
Título Rodriguésia (Brazil)
ISSN 0370-6583; 2175-7860 on-line
Colação v. 74 p. 1-20; (2023)
Número de controle de registro BR2025004513
856 ## - ACESSO E ENDEREÇO ELETRÔNICO
Identificador uniforme de recurso - URI https://www.scielo.br/j/rod/a/pLBXFDM9HYv3sK75hccb8VB/?format=pdf&lang=en

Nenhum exemplar disponível.

BINAGRI

Telefone: (61)3218-2567/2388/3357/2097 - binagri@agro.gov.br

Ministério da Agricultura e Pecuária , Esplanada dos Ministérios, Bloco D, Anexo B, Brasília/DF, CEP: 70.043-900